Intendencies of the Viceroyalty of Rio de la Plata in 1783 on a Map - Statistics

General Stats
  • This quiz has been taken 42 times
  • The average score is 9 of 15
Answers on the Map
Answers color-coded by a green-red scale on the quiz's map according to % correct below.
 
Answer Stats
Answer % Correct
Buenos Aires
94%
Montevideo
94%
Córdoba
88%
La Paz
88%
Paraguay
76%
Potosí
70%
Misiones I
67%
Misiones II
67%
Cochabamba
64%
Salta
64%
Islas Malvinas
58%
Charcas
42%
Chiquitos
30%
Moxos
27%
Indigenous Territory
12%
No matching quizzes found
Score Distribution
Percent of People with Each Score
Percentile by Number Answered
Your Score History
You have not taken this quiz